Loading...
Ganamrutham
| Main Author: | |
|---|---|
| Format: | Printed Book |
| Published: |
1991
|
| LEADER | 003300000a22001090004500 | ||
|---|---|---|---|
| 040 | |a MAL | ||
| 082 | |a 780.954 8 32N1 | ||
| 100 | |a Akkamma Isaac | ||
| 245 | |a Ganamrutham | ||
| 260 | |c 1991 | ||
| 999 | |c 28122 |d 28122 | ||
| 952 | |0 0 |1 0 |4 0 |6 780_954000000000000_8_32N1 |7 0 |8 MAL |9 27960 |a MGUL |b MGUL |d 2013-07-16 |l 0 |o 780.954 8 32N1 |p 17121 |r 2013-07-16 |w 2013-07-16 |y BK | ||